Score 0/26 Timer 10:00
0 Plays Today
% Correct
The English Kings & Queens Song
81.1%
Work, Terrible Work
81.1%
Richard III
79%
Ra Ra Cleopatra
76.4%
Mary Seacole
76.2%
Victoria and Albert
75.9%
Mary I
75.6%
The World War II Girls
72.7%
Divorced, Beheaded and Died
71%
The Suffragettes
70.3%
Born 2 Rule
70.2%
Do the Pachacuti
69.9%
The Cowboy Song
69.7%
% Correct
The Borgia Family
66%
I'm a Knight
64.4%
Victorian Inventions
64.4%
It's Not True
63.5%
British Things
62.9%
Tudors
60.4%
Blue Blooded Blues
59%
The RAF Pilots
58.7%
We are Greek
56.4%
Bring Out Your Dead
56.1%
Spartan School Musical
52.8%
Cavaliers and Roundheads
52.3%
William Shakespeare and The Quills
47.8%
Remove Ads.
Support Sporcle.
Get the best of Sporcle when you Go Orange. This ad-free experience offers more features, more stats, and more fun while also helping to support Sporcle. Thank you for becoming a member.

You're not logged in!

Compare scores with friends on all Sporcle quizzes.
OR
Log In

Show Comments

Extras

Top Quizzes Today


Score Distribution

Your Account Isn't Verified!

In order to create a playlist on Sporcle, you need to verify the email address you used during registration. Go to your Sporcle Settings to finish the process.

Report this User

Report this user for behavior that violates our Community Guidelines.

Details: